[Event "ROM-ch U14 Girls"]
[Site "Calimanesti"]
[Date "2015.04.01"]
[Round "3"]
[White "Banzea, Izabela Georgeta"]
[Black "Paraschiv, Petronela Alexandra"]
[Result "1-0"]
[WhiteElo "1347"]
[BlackElo "1569"]
[PlyCount "61"]
[EventDate "2015.03.30"]
[EventType "swiss"]
[EventRounds "9"]
[EventCountry "ROU"]
[SourceTitle "CBM 165 Extra"]
[Source "ChessBase"]
[SourceDate "2015.04.21"]
[SourceVersion "1"]
[SourceVersionDate "2015.04.21"]
[SourceQuality "1"]

1. d4 Nf6 2. Nf3 e6 3. Bg5 Be7 4. e3 b6 5. Bd3 Bb7 6. 0-0 d6 7. Nbd2 h6 8. Bf4 g5 9. Bg3 Nh5 10. Qe2 Nxg3 11. hxg3 f5 12. e4 f4 13. gxf4 gxf4 14. e5 Bxf3 15. Qxf3 d5 16. Qxf4 Kd7 17. c4 Kc8 18. Qf7 Qd7 19. cxd5 Qxd5 20. Qxe7 Qxd4 21. Qxe6+ Nd7 22. Be4 Rb8 23. Rad1 Rd8 24. Bc6 Qxb2 25. Nc4 Qxa2 26. Nxb6+ axb6 27. Qxa2 Nxe5 28. Qe6+ Nd7 29. Bxd7+ Kb7 30. Qc6+ Ka7 31. Ra1# 1-0

[Event "ROM-ch U12 Girls"]
[Site "Calimanesti"]
[Date "2014.04.13"]
[Round "9"]
[White "Banzea, Izabela Georgeta"]
[Black "Boncea Pentac, Salia Ana"]
[Result "0-1"]
[WhiteElo "1397"]
[BlackElo "1186"]
[PlyCount "72"]
[EventDate "2014.04.06"]
[EventType "swiss"]
[EventRounds "9"]
[EventCountry "ROU"]
[SourceTitle "CBM 160 Extra"]
[Source "ChessBase"]
[SourceDate "2014.07.01"]
[SourceVersion "1"]
[SourceVersionDate "2014.07.01"]
[SourceQuality "1"]

1. Nf3 d5 2. g3 e6 3. Bg2 Nf6 4. 0-0 Be7 5. d3 Nc6 6. Nbd2 0-0 7. e4 Bd6 8. Re1 e5 9. exd5 Nxd5 10. Nc4 Re8 11. Ng5 Be7 12. Nxf7 Kxf7 13. Qh5+ Kf8 14. Qxh7 Nf6 15. Qg6 Be6 16. Nxe5 Nxe5 17. Rxe5 Bf7 18. Qf5 c6 19. Bg5 Qc8 20. Qxc8 Raxc8 21. Rae1 Bd6 22. Rxe8+ Rxe8 23. Kf1 Rxe1+ 24. Kxe1 Bxa2 25. b3 a5 26. Bf3 a4 27. bxa4 Bd5 28. Ke2 Bxf3+ 29. Kxf3 Nd5 30. h4 Nb4 31. g4 Nxc2 32. h5 Nd4+ 33. Ke4 Nb3 34. h6 Nc5+ 35. Kd4 Ne6+ 36. Kc4 Nxg5 0-1

[Event "ROM-ch U12 Girls"]
[Site "Calimanesti"]
[Date "2014.04.09"]
[Round "4"]
[White "Lazar, Irina Maria"]
[Black "Banzea, Izabela Georgeta"]
[Result "0-1"]
[WhiteElo "1022"]
[BlackElo "1397"]
[PlyCount "100"]
[EventDate "2014.04.06"]
[EventType "swiss"]
[EventRounds "9"]
[EventCountry "ROU"]
[SourceTitle "CBM 160 Extra"]
[Source "ChessBase"]
[SourceDate "2014.07.01"]
[SourceVersion "1"]
[SourceVersionDate "2014.07.01"]
[SourceQuality "1"]

1. e4 g6 2. Nf3 Bg7 3. Bc4 d6 4. d3 Nf6 5. Be3 Ng4 6. Qe2 Nxe3 7. Qxe3 Bxb2 8. 0-0 Bxa1 9. Nbd2 Bg7 10. Ng5 0-0 11. Qf3 e6 12. Qg3 Qf6 13. Qh4 h6 14. Qg3 Qxg5 15. Qxg5 hxg5 16. Nf3 Nc6 17. Nxg5 Ne5 18. Bb3 Bd7 19. h3 a5 20. a3 a4 21. Ba2 Ra5 22. f4 Nc6 23. Re1 Nd4 24. Kf2 Rc5 25. Bb1 Bh6 26. c3 Nb3 27. Re2 Bxg5 28. fxg5 f6 29. gxf6 Rxf6+ 30. Kg1 e5 31. Ba2 Kg7 32. Rb2 Rxc3 33. Re2 Nc1 34. Rd2 Nxa2 35. Rxa2 Rxd3 36. Kh2 d5 37. exd5 Rd6 38. Kg1 e4 39. Ra1 e3 40. Re1 Rxa3 41. Kh2 Rxd5 42. Kg1 Rd2 43. Kh2 e2 44. Kg1 Raa2 45. Kf2 Bb5 46. Kg1 Rd1 47. Kf2 Rxe1 48. Kxe1 Ra1+ 49. Kf2 e1Q+ 50. Kf3 Ra3+ 0-1

[Event "ROM-ch U12 Girls"]
[Site "Calimanesti"]
[Date "2013.04.06"]
[Round "7"]
[White "Banzea, Izabela Georgeta"]
[Black "Hamati, Julia"]
[Result "1/2-1/2"]
[WhiteElo "1147"]
[BlackElo "1166"]
[PlyCount "54"]
[EventDate "2013.04.02"]
[EventType "swiss"]
[EventRounds "9"]
[EventCountry "ROU"]
[SourceTitle "CBM 153 Extra"]
[Source "ChessBase"]
[SourceDate "2013.04.22"]
[SourceVersion "1"]
[SourceVersionDate "2013.04.22"]
[SourceQuality "1"]

1. e4 e5 2. Nf3 Nc6 3. Bc4 Bc5 4. d3 h6 5. Nc3 Nf6 6. Be3 Bb6 7. 0-0 d6 8. h3 Be6 9. Bb3 0-0 10. Qd2 Nd4 11. Qd1 Qd7 12. Nd5 Bxd5 13. exd5 Nxb3 14. axb3 Nxd5 15. Bd2 Rfe8 16. Re1 Nf6 17. Ra4 Re7 18. Bc3 c5 19. Nd2 Bc7 20. Qf3 Qc6 21. Ne4 Nxe4 22. dxe4 b5 23. Raa1 Qd7 24. Red1 Qe6 25. Rd5 Qf6 26. Qe2 b4 27. Bd2 a5 1/2-1/2

[Event "ROM-ch U12 Girls"]
[Site "Calimanesti"]
[Date "2013.04.05"]
[Round "5"]
[White "Banzea, Izabela Georgeta"]
[Black "Sodinca, Iulia Cristiana"]
[Result "1/2-1/2"]
[WhiteElo "1147"]
[BlackElo "1190"]
[PlyCount "48"]
[EventDate "2013.04.02"]
[EventType "swiss"]
[EventRounds "9"]
[EventCountry "ROU"]
[SourceTitle "CBM 153 Extra"]
[Source "ChessBase"]
[SourceDate "2013.04.22"]
[SourceVersion "1"]
[SourceVersionDate "2013.04.22"]
[SourceQuality "1"]

1. e4 c5 2. Nf3 d6 3. d4 cxd4 4. Nxd4 Nf6 5. Nc3 g6 6. f3 Bg7 7. Be3 0-0 8. Qd2 Bd7 9. h4 Nc6 10. Nb3 a6 11. g4 Ne5 12. Be2 h5 13. gxh5 Nxh5 14. Bh6 b5 15. Bxg7 Kxg7 16. f4 Nc4 17. Qd4+ e5 18. fxe5 dxe5 19. Qf2 Qf6 20. Qg1 Rh8 21. 0-0-0 Rad8 22. Nd5 Qe6 23. Nc3 Qc6 24. Rf1 Be6 1/2-1/2

[Event "ROM-ch U12 Girls"]
[Site "Calimanesti"]
[Date "2013.04.03"]
[Round "2"]
[White "Boncea Pentac, Salia Ana"]
[Black "Banzea, Izabela Georgeta"]
[Result "1/2-1/2"]
[WhiteElo "1196"]
[BlackElo "1147"]
[PlyCount "51"]
[EventDate "2013.04.02"]
[EventType "swiss"]
[EventRounds "9"]
[EventCountry "ROU"]
[SourceTitle "CBM 153 Extra"]
[Source "ChessBase"]
[SourceDate "2013.04.22"]
[SourceVersion "1"]
[SourceVersionDate "2013.04.22"]
[SourceQuality "1"]

1. e4 e5 2. Nf3 Nc6 3. Nc3 Nf6 4. Bc4 Be7 5. 0-0 0-0 6. d3 h6 7. h3 d6 8. a3 Nh7 9. Nd5 Kh8 10. Nxe7 Qxe7 11. Bd5 f5 12. c3 f4 13. b4 g5 14. Nh2 Qg7 15. f3 Nf6 16. Bd2 Nh5 17. Be1 Ng3 18. Bxg3 fxg3 19. Ng4 h5 20. Ne3 Ne7 21. Rb1 c6 22. Bb3 Ng6 23. d4 Nf4 24. a4 Bd7 25. a5 Rad8 26. Bc2 1/2-1/2